000
00246nam a2200097 4500
245
_a
Kalpana aur hindi sahitya
_c
Viveki Rai
100
_a
Rai, Viveki
260
_a
Allahabad
_b
Anil Prakashan
_c
1999
300
_a
110p.; 21cm.
082
_a
H
_b
891.4305 RAI
999
_c
75441
_d
75441